<?xml version="1.0" encoding="UTF-8"?>
<record
    xmlns:xsi="http://www.w3.org/2001/XMLSchema-instance"
    xsi:schemaLocation="http://www.loc.gov/MARC21/slim http://www.loc.gov/standards/marcxml/schema/MARC21slim.xsd"
    xmlns="http://www.loc.gov/MARC21/slim">

  <leader>01075nam a2200229 i 4500</leader>
  <controlfield tag="001">160577</controlfield>
  <controlfield tag="003">ES-MaACL</controlfield>
  <controlfield tag="005">20250716063318.0</controlfield>
  <controlfield tag="008">931025s1878    sp           |||| | spa d</controlfield>
  <datafield tag="040" ind1=" " ind2=" ">
    <subfield code="a">AS </subfield>
    <subfield code="b">spa </subfield>
    <subfield code="c">PAB</subfield>
  </datafield>
  <datafield tag="100" ind1="1" ind2=" ">
    <subfield code="a">Navarro, Felipe Benicio,</subfield>
    <subfield code="d">1840-1901</subfield>
    <subfield code="e">aut</subfield>
    <subfield code="9">85065</subfield>
  </datafield>
  <datafield tag="245" ind1="1" ind2="3">
    <subfield code="a">El Museo de Gij&#xF3;n :</subfield>
    <subfield code="b">relaci&#xF3;n cr&#xED;tica de la hermosa colecci&#xF3;n de dibujos que Gaspar Melchor de Jovellanos regal&#xF3; al Real Instituto Asturiano /</subfield>
    <subfield code="c">[Felipe Benicio Navarro] </subfield>
  </datafield>
  <datafield tag="260" ind1=" " ind2=" ">
    <subfield code="a">Barcelona : </subfield>
    <subfield code="b">[s.n.], </subfield>
    <subfield code="c">1878</subfield>
    <subfield code="f">(Imp. de la Renaixensa, por Pedro Aldavert)</subfield>
  </datafield>
  <datafield tag="300" ind1=" " ind2=" ">
    <subfield code="a">26 p&#xE1;ginas ; </subfield>
    <subfield code="c">30 cm.</subfield>
  </datafield>
  <datafield tag="594" ind1=" " ind2=" ">
    <subfield code="a">Encabezamiento tomado de Somoza, 1071</subfield>
  </datafield>
  <datafield tag="596" ind1=" " ind2=" ">
    <subfield code="a">Pie de imp. tomado del colof&#xF3;n</subfield>
  </datafield>
  <datafield tag="610" ind1="2" ind2="4">
    <subfield code="a">Instituto de Jovellanos de Gij&#xF3;n. </subfield>
    <subfield code="b">Museo.</subfield>
    <subfield code="9">134547</subfield>
  </datafield>
  <datafield tag="852" ind1=" " ind2=" ">
    <subfield code="a">ES-MaACL</subfield>
    <subfield code="c">DEPOF</subfield>
    <subfield code="e">Ejemplar falto de cub. original </subfield>
    <subfield code="g">Dedicatoria ms. del autor al Ateneo de Madrid </subfield>
    <subfield code="h">Donativo de Felipe Benicio Navarro</subfield>
    <subfield code="j">T-339-F-4 </subfield>
    <subfield code="x">Enc. en un vol. facticio</subfield>
    <subfield code="x">Holandesa</subfield>
  </datafield>
  <datafield tag="942" ind1=" " ind2=" ">
    <subfield code="2">udc</subfield>
    <subfield code="c">FOLLETOS</subfield>
    <subfield code="n">0</subfield>
  </datafield>
  <datafield tag="999" ind1=" " ind2=" ">
    <subfield code="c">160577</subfield>
    <subfield code="d">160577</subfield>
  </datafield>
  <datafield tag="952" ind1=" " ind2=" ">
    <subfield code="0">0</subfield>
    <subfield code="1">0</subfield>
    <subfield code="2">udc</subfield>
    <subfield code="4">0</subfield>
    <subfield code="7">0</subfield>
    <subfield code="8">Colecci&#xF3;n_de_folletos</subfield>
    <subfield code="a">ATENEOM</subfield>
    <subfield code="b">ATENEOM</subfield>
    <subfield code="c">DEPOF</subfield>
    <subfield code="d">2008-01-17</subfield>
    <subfield code="e">DONACION</subfield>
    <subfield code="j">1</subfield>
    <subfield code="l">0</subfield>
    <subfield code="o">T-339-F-4</subfield>
    <subfield code="p">1168137</subfield>
    <subfield code="r">2023-02-23 00:00:00</subfield>
    <subfield code="y">FOLLETOS</subfield>
    <subfield code="z">Dedicatoria aut&#xF3;grafa del autor</subfield>
  </datafield>
</record>
